[Event "?"]
[Site "?"]
[Date "????.??.??"]
[Round "?"]
[White "Belezky, A."]
[Black "Namyslo, H."]
[Result "1-0"]
[WhiteElo "2454"]
[BlackElo "2211"]
[PlyCount "119"]
[EventDate "2014.??.??"]

1. Nf3 d5 2. g3 c5 3. Bg2 Nf6 4. d3 Nc6 5. O-O e6 6. Nbd2 Be7 7. e4 b6 8. Re1
Bb7 9. Qe2 Qc7 10. c3 h6 11. Nf1 O-O-O 12. Bf4 Qd7 13. Ne5 Nxe5 14. Bxe5 dxe4
15. dxe4 Qd3 16. Qxd3 Rxd3 17. Bxf6 Bxf6 18. e5 Be7 19. Bxb7+ Kxb7 20. Rad1
Rhd8 21. Rxd3 Rxd3 22. f4 c4 23. Kf2 Bc5+ 24. Ke2 Kc6 25. Rd1 Rxd1 26. Kxd1 Kd5
27. Ke2 b5 28. a3 a5 29. Kf3 Be7 30. Ne3+ Kc5 31. Ke4 b4 32. a4 h5 33. h3 Bd8
34. Kf3 Be7 35. g4 hxg4+ 36. hxg4 g6 37. g5 b3 38. Ke4 Bf8 39. Nf1 Be7 40. Nd2
Bf8 41. Nf3 Kb6 42. Kd4 Bc5+ 43. Kxc4 Be3 44. Kxb3 Kc5 45. Ne1 Kd5 46. Nd3 Bg1
47. Kc2 Be3 48. Kd1 Kc4 49. Ke2 Bg1 50. Nc1 Bh2 51. Ke3 Bg1+ 52. Kd2 Bc5 53.
b3+ Kd5 54. Kd3 Ba3 55. Na2 Bc5 56. b4 Bb6 57. c4+ Kc6 58. c5 Bd8 59. Kc4 axb4
60. Nxb4+ 1-0

[Event "?"]
[Site "?"]
[Date "????.??.??"]
[Round "?"]
[White "Löwe, L."]
[Black "Langheinrich, F."]
[Result "1/2-1/2"]
[WhiteElo "2216"]
[BlackElo "2439"]
[PlyCount "119"]
[EventDate "2014.??.??"]

1. e4 e6 2. d4 d5 3. Nc3 Nf6 4. Bd3 c5 5. exd5 exd5 6. Qe2+ Be7 7. dxc5 O-O 8.
Nf3 Bxc5 9. O-O Re8 10. Qd1 h6 11. Bf4 Nc6 12. Re1 Bg4 13. Rxe8+ Qxe8 14. h3
Bh5 15. g4 Nxg4 16. hxg4 Bxg4 17. Be2 Rd8 18. Ne5 Bf5 19. Nxc6 Qxc6 20. Bg3 Qg6
21. Kg2 d4 22. Bf3 Bxc2 23. Qd2 Bd3 24. Ne2 Be4 25. Bxe4 Qxe4+ 26. f3 Qf5 27.
Rd1 Bb6 28. Qd3 Qd5 29. b3 g5 30. Bf2 g4 31. Bxd4 Re8 32. Nc3 Qg5 33. Bxb6 axb6
34. fxg4 Qxg4+ 35. Qg3 Qxg3+ 36. Kxg3 Re3+ 37. Kf4 Rxc3 38. Rd7 Rc2 39. Rxb7
Rxa2 40. Rxb6 Kg7 41. Kg4 Rf2 42. Rb5 Kg6 43. Rb6+ f6 44. b4 h5+ 45. Kg3 Rb2
46. Kf4 Rb3 47. Rb8 h4 48. b5 h3 49. b6 h2 50. Rh8 Rb4+ 51. Kf3 Rxb6 52. Rxh2
f5 53. Ra2 Rb3+ 54. Kf2 Kg5 55. Ra4 Rb2+ 56. Kf3 Rh2 57. Rb4 Rh3+ 58. Kf2 Ra3
59. Rc4 f4 60. Rc8 1/2-1/2

[Event "?"]
[Site "?"]
[Date "????.??.??"]
[Round "?"]
[White "Reinemer, F."]
[Black "Arnaudov, G."]
[Result "0-1"]
[WhiteElo "2203"]
[BlackElo "2429"]
[PlyCount "67"]
[EventDate "2014.??.??"]

1. d4 Nf6 2. c4 Nc6 3. Nf3 e6 4. Nc3 Bb4 5. e3 O-O 6. Bd3 d6 7. Qc2 e5 8. d5
Ne7 9. Nd2 c6 10. e4 Nh5 11. O-O Nf4 12. a3 Nxd3 13. Qxd3 Bxc3 14. Qxc3 cxd5
15. exd5 b6 16. b3 Ng6 17. Ra2 f5 18. Nf3 f4 19. Nd2 Qh4 20. f3 Bf5 21. a4 Rf6
22. Rf2 Raf8 23. a5 Nh8 24. axb6 axb6 25. Nf1 Rg6 26. Bd2 Nf7 27. Be1 Ng5 28.
Kh1 e4 29. Rfe2 Qh5 30. fxe4 Bxe4 31. Rxe4 Nxe4 32. Qd4 Ng3+ 33. Bxg3 fxg3 34.
Nxg3 0-1

[Event "?"]
[Site "?"]
[Date "????.??.??"]
[Round "?"]
[White "Sundararajan, K."]
[Black "Grigorian, S."]
[Result "1-0"]
[WhiteElo "2424"]
[BlackElo "2183"]
[PlyCount "109"]
[EventDate "2014.??.??"]

1. d4 Nf6 2. Nf3 e6 3. e3 b6 4. Bd3 Bb7 5. O-O d5 6. b3 Nbd7 7. c4 Be7 8. Bb2
O-O 9. Nc3 c5 10. Rc1 Rc8 11. cxd5 exd5 12. Bf5 c4 13. Ne5 a6 14. Qf3 Rc7 15.
Nxd7 Rxd7 16. Bxd7 Qxd7 17. bxc4 dxc4 18. d5 b5 19. e4 b4 20. Ne2 c3 21. Nxc3
bxc3 22. Rxc3 Re8 23. Rd3 Bd8 24. e5 Nxd5 25. Rfd1 Qb5 26. Rb3 Qc6 27. Rxb7
Qxb7 28. Ba1 Be7 29. Rxd5 Rc8 30. Rd1 Qxf3 31. gxf3 Rc2 32. Bd4 Kf8 33. a4 Ra2
34. Rc1 Bb4 35. Rc7 g6 36. Be3 Rxa4 37. Bg5 Ke8 38. Kg2 Ra1 39. f4 Ra3 40. h4
h5 41. Bf6 a5 42. Rb7 Rb3 43. Be7 Rb2 44. Bd6 Kd8 45. Bxb4 Rxb4 46. Rxf7 a4 47.
Kf3 Rb3+ 48. Ke4 Rb4+ 49. Ke3 a3 50. Ra7 Rb3+ 51. Ke4 Rb4+ 52. Kd5 Rxf4 53.
Rxa3 Rxh4 54. Rf3 Rb4 55. Rf6 1-0

[Event "?"]
[Site "?"]
[Date "????.??.??"]
[Round "?"]
[White "Syperek, S."]
[Black "Fogarasi, T."]
[Result "1/2-1/2"]
[WhiteElo "2198"]
[BlackElo "2392"]
[PlyCount "56"]
[EventDate "2014.??.??"]

1. Nf3 Nf6 2. g3 g6 3. Bg2 Bg7 4. O-O d5 5. d3 O-O 6. Nbd2 Nc6 7. e4 e5 8. b3
Re8 9. Bb2 dxe4 10. dxe4 b6 11. Qe2 a5 12. Nc4 Ba6 13. Rfd1 Qe7 14. a4 Rad8 15.
Bf1 Nd7 16. Qe1 Nc5 17. Ba3 Qf6 18. Bxc5 Qxf3 19. Be3 Qf6 20. Nd6 Rxd6 21. Rxd6
Qxd6 22. Bxa6 Nd4 23. Bxd4 exd4 24. Bd3 f5 25. Rd1 Qc5 26. Qe2 Kh8 27. Qf3 fxe4
28. Bxe4 Rf8 1/2-1/2

[Event "?"]
[Site "?"]
[Date "????.??.??"]
[Round "?"]
[White "Satyapragyan, S."]
[Black "Schnoor, E."]
[Result "1-0"]
[WhiteElo "2401"]
[BlackElo "2165"]
[PlyCount "69"]
[EventDate "2014.??.??"]

1. e4 c5 2. Nc3 a6 3. Nge2 b5 4. d4 cxd4 5. Nxd4 Bb7 6. Bd3 e6 7. O-O Qc7 8.
Re1 d6 9. a4 bxa4 10. Bg5 Nd7 11. Rxa4 Be7 12. Bxe7 Nxe7 13. Qa1 Qc8 14. Nb3
Nc6 15. Qc1 O-O 16. Re3 Nb6 17. Ra1 Qc7 18. Rg3 Kh8 19. Qg5 f6 20. Qh5 Nb4 21.
Rh3 h6 22. Re1 e5 23. Nd2 Rfd8 24. Nf3 d5 25. Nh4 Bc8 26. Rg3 d4 27. Ne2 Be6
28. f4 exf4 29. Nxf4 Bf7 30. Nhg6+ Bxg6 31. Nxg6+ Kg8 32. Nh4 Nxd3 33. cxd3 Kh8
34. Rf1 Nd7 35. Nf5 1-0

[Event "?"]
[Site "?"]
[Date "????.??.??"]
[Round "?"]
[White "Hansch, K."]
[Black "Enchev, I."]
[Result "1/2-1/2"]
[WhiteElo "2181"]
[BlackElo "2392"]
[PlyCount "149"]
[EventDate "2014.??.??"]

1. c4 c5 2. g3 Nc6 3. Bg2 g6 4. Nc3 Bg7 5. Nf3 d6 6. O-O Qd7 7. a3 b6 8. b4 Bb7
9. Qa4 Nh6 10. Rb1 Nf5 11. Bb2 h5 12. Nd5 Bxb2 13. Rxb2 h4 14. e4 h3 15. Bh1
Nfd4 16. Nxd4 Nxd4 17. Qxd7+ Kxd7 18. Nc3 f5 19. d3 f4 20. Ne2 Nxe2+ 21. Rxe2
g5 22. Bf3 Ke6 23. Bg4+ Ke5 24. Rb1 Bc8 25. Bxc8 Rhxc8 26. Kf1 cxb4 27. Rxb4
Rc5 28. Rd2 Kd4 29. Ke2 fxg3 30. fxg3 Rf8 31. Rd1 g4 32. Rdb1 Rf3 33. R1b3 e6
34. Ra4 Rf7 35. Rab4 Ke5 36. Rb5 d5 37. exd5 exd5 38. Rxc5 bxc5 39. Rb5 Kd4 40.
cxd5 Rf3 41. d6 Re3+ 42. Kf2 Rxd3 43. d7 Kc4 44. Rb7 a6 45. Ke2 a5 46. Rc7 Rd4
47. Rb7 Kc3 48. Ke3 c4 49. Rc7 Rd1 50. Kf4 Rd4+ 51. Ke3 Rd6 52. Kf4 Kb3 53. Ke5
Rd1 54. Ke6 a4 55. Ke7 c3 56. d8=Q Rxd8 57. Kxd8 c2 58. Kd7 Kb2 59. Kd6 c1=Q
60. Rxc1 Kxc1 61. Kc5 Kd1 62. Kd4 Kd2 63. Kc4 Kc2 64. Kb4 Kd3 65. Kxa4 Ke2 66.
Kb3 Kf1 67. a4 Kg2 68. a5 Kxh2 69. a6 Kg1 70. a7 h2 71. a8=Q h1=Q 72. Qa1+ Kg2
73. Qa8+ Kh2 74. Qh8+ Kg2 75. Qa8+ 1/2-1/2

[Event "?"]
[Site "?"]
[Date "????.??.??"]
[Round "?"]
[White "Pirrot, D."]
[Black "Viebahn, D."]
[Result "0-1"]
[WhiteElo "2389"]
[BlackElo "2163"]
[PlyCount "82"]
[EventDate "2014.??.??"]

1. e4 c5 2. b4 cxb4 3. a3 e5 4. Nf3 Nf6 5. Nxe5 Nc6 6. Nxc6 dxc6 7. Bb2 Be6 8.
Qf3 bxa3 9. Nxa3 Bc5 10. h3 O-O 11. Bd3 Bd4 12. c3 Be5 13. Be2 c5 14. Qd3 Rc8
15. f4 Bb8 16. O-O Re8 17. c4 Nxe4 18. Qxe4 Bg4 19. Qxe8+ Qxe8 20. Bxg4 Rd8 21.
Bc3 f6 22. Rae1 Qa4 23. Nb1 Kf8 24. Be6 a6 25. Re3 b5 26. d3 b4 27. Bd2 Qc2 28.
Rc1 Qb2 29. Rf1 a5 30. Bd5 a4 31. Rfe1 Bd6 32. Re6 a3 33. Nc3 bxc3 34. Bc1 Qb3
35. f5 Be5 36. Be3 Rxd5 37. cxd5 Qxd5 38. Ra6 a2 39. Kh1 c2 40. d4 cxd4 41. Bd2
d3 0-1

[Event "?"]
[Site "?"]
[Date "????.??.??"]
[Round "?"]
[White "Tennert, S."]
[Black "Klenburg, M."]
[Result "0-1"]
[WhiteElo "2153"]
[BlackElo "2368"]
[PlyCount "66"]
[EventDate "2014.??.??"]

1. e4 d6 2. d4 Nf6 3. Nc3 g6 4. Be3 Bg7 5. Qd2 c6 6. Bd3 Ng4 7. Nf3 Nxe3 8.
fxe3 Nd7 9. O-O O-O 10. Ne2 e6 11. c3 Qe7 12. Ng3 b6 13. a4 a6 14. Qe2 Bb7 15.
Nd2 c5 16. b4 cxb4 17. cxb4 d5 18. Rab1 Rfc8 19. a5 e5 20. exd5 exd4 21. e4 b5
22. Nf3 Rc3 23. Qd2 Ne5 24. Nxe5 Bxe5 25. Ne2 Rc7 26. Kh1 Qd6 27. Qh6 Re8 28.
Rb3 f5 29. exf5 Qxd5 30. Qg5 Qxb3 31. fxg6 Qxd3 32. gxh7+ Kh8 33. Qh5 Rce7 0-1

[Event "?"]
[Site "?"]
[Date "????.??.??"]
[Round "?"]
[White "Hart, M."]
[Black "Wichmann, C."]
[Result "0-1"]
[WhiteElo "2155"]
[BlackElo "2361"]
[PlyCount "104"]
[EventDate "2014.??.??"]

1. e4 e6 2. Qe2 Nc6 3. Nf3 e5 4. g3 Nf6 5. Bg2 Bc5 6. O-O O-O 7. Nc3 Re8 8. d3
Nd4 9. Qd1 d6 10. h3 Bd7 11. Nxd4 Bxd4 12. Be3 c6 13. Qd2 Bb6 14. Rfe1 h6 15.
a3 Be6 16. d4 Qe7 17. dxe5 dxe5 18. Bxb6 axb6 19. Qe3 Qc7 20. Rad1 Red8 21. Kh2
b5 22. Rxd8+ Rxd8 23. Rd1 Rd7 24. Rxd7 Nxd7 25. Bf1 Qd6 26. Be2 Nc5 27. f3 Bc4
28. Kg2 Ne6 29. Nd1 Kf8 30. c3 Nc5 31. Nf2 Ke7 32. b4 Na4 33. Bxc4 bxc4 34. Qa7
Nxc3 35. Qxb7+ Kf6 36. Qa6 Qe6 37. Ng4+ Kg5 38. h4+ Kh5 39. Ne3 Nb5 40. Nf5 Kg6
41. Qa8 Nd4 42. g4 Kh7 43. Qf8 Nxf5 44. gxf5 Qd7 45. Qc5 Qd2+ 46. Kh3 Qe2 47.
Kg3 Qe1+ 48. Kh3 c3 49. f6 gxf6 50. Kg4 Qd2 51. Kh3 c2 52. Qf8 Qd7+ 0-1

[Event "?"]
[Site "?"]
[Date "????.??.??"]
[Round "?"]
[White "Baskin, R."]
[Black "Gajek, R."]
[Result "0-1"]
[WhiteElo "2152"]
[BlackElo "2355"]
[PlyCount "82"]
[EventDate "2014.??.??"]

1. e4 c5 2. Nf3 e6 3. d4 cxd4 4. Nxd4 Nc6 5. Nc3 Qc7 6. Nb3 Nf6 7. Bd3 a6 8.
O-O b5 9. f4 d6 10. Be3 Be7 11. Qf3 Bb7 12. Qh3 O-O 13. Rae1 Nb4 14. a3 Nxd3
15. cxd3 e5 16. Rc1 Qd8 17. Qg3 Nh5 18. Qf2 Nxf4 19. Bxf4 exf4 20. Nd4 Bh4 21.
Qf3 Qb6 22. Nce2 Bf6 23. Qf2 d5 24. exd5 Bxd5 25. Qxf4 Rad8 26. Rf2 Bxg2 27.
Rxg2 Bxd4+ 28. Nxd4 Rxd4 29. Rc6 Qxc6 30. Qxd4 Qc1+ 31. Kf2 Qd2+ 32. Kf1 Qd1+
33. Kf2 g6 34. Qd7 Qh5 35. Qg4 Qc5+ 36. d4 Qc1 37. Kf3 Re8 38. Rf2 Qd1+ 39. Kg3
Re3+ 40. Kh4 Qe1 41. Qg2 Re2 0-1

[Event "?"]
[Site "?"]
[Date "????.??.??"]
[Round "?"]
[White "Sagar, S."]
[Black "Büchmann, O."]
[Result "1-0"]
[WhiteElo "2339"]
[BlackElo "2117"]
[PlyCount "59"]
[EventDate "2014.??.??"]

1. c4 e6 2. Nf3 d5 3. g3 Nf6 4. Bg2 Be7 5. O-O O-O 6. d4 dxc4 7. Qc2 a6 8. Qxc4
b5 9. Qc2 Bb7 10. Bg5 Nbd7 11. Bxf6 Nxf6 12. Nbd2 Rc8 13. Nb3 Be4 14. Qc1 Qd5
15. Rd1 Rfd8 16. Nc5 Bxc5 17. dxc5 Qa8 18. a4 b4 19. a5 Qb7 20. Qc4 Rd5 21. Ne1
Bxg2 22. Nxg2 Rcd8 23. Rxd5 Rxd5 24. Nf4 Rd2 25. c6 Qb5 26. Qxb5 axb5 27. Nd3
Nd5 28. a6 Nb6 29. a7 Na8 30. Ra5 1-0

[Event "?"]
[Site "?"]
[Date "????.??.??"]
[Round "?"]
[White "Bräuer, F."]
[Black "Martin, J."]
[Result "1-0"]
[WhiteElo "2317"]
[BlackElo "2052"]
[PlyCount "83"]
[EventDate "2014.??.??"]

1. e4 c5 2. Nc3 Nc6 3. Nf3 g6 4. Bb5 Bg7 5. Bxc6 bxc6 6. O-O e5 7. d3 Qe7 8.
Ne1 Nf6 9. f4 exf4 10. Bxf4 O-O 11. Qf3 Qe6 12. Bg5 Ne8 13. Qg3 c4 14. Nf3 cxd3
15. cxd3 Ba6 16. Rad1 Nd6 17. Rfe1 Nb5 18. e5 Nxc3 19. bxc3 Rfb8 20. Rd2 Re8
21. Qf4 Qd5 22. c4 Qc5+ 23. Kh1 d6 24. exd6 Rxe1+ 25. Nxe1 Be5 26. Qh4 Qxd6 27.
Nf3 Bg7 28. Rd1 h5 29. Qe4 Rc8 30. Bf4 Qa3 31. Be5 Qa4 32. Rf1 Bxe5 33. Nxe5
Re8 34. Qf4 Re7 35. Nxg6 Qb4 36. Qh6 f5 37. Qf8+ Kh7 38. Nxe7 Bxc4 39. Qxf5+
Kh8 40. Qxh5+ Kg7 41. Qg6+ Kh8 42. Qh6# 1-0

[Event "?"]
[Site "?"]
[Date "????.??.??"]
[Round "?"]
[White "Gehrmann, U."]
[Black "Osmanodja, F."]
[Result "0-1"]
[WhiteElo "2052"]
[BlackElo "2295"]
[PlyCount "56"]
[EventDate "2014.??.??"]

1. d4 Nf6 2. Nc3 d5 3. Bg5 Nbd7 4. f3 c6 5. e4 dxe4 6. fxe4 e5 7. dxe5 Qa5 8.
Bxf6 gxf6 9. e6 fxe6 10. Qg4 Qg5 11. Qxg5 fxg5 12. O-O-O Bg7 13. Nf3 g4 14. Ne1
Ne5 15. Be2 h5 16. h3 Bd7 17. Nd3 g3 18. Nxe5 Bxe5 19. Rd3 c5 20. Rf3 a6 21.
Nb1 Bc6 22. Nd2 O-O-O 23. c3 Rh7 24. Rhf1 Rhd7 25. Rd1 Bg7 26. Kc2 Bh6 27. Bd3
Bxd2 28. Rxd2 c4 0-1

[Event "?"]
[Site "?"]
[Date "????.??.??"]
[Round "?"]
[White "Schütze, N."]
[Black "Hocke, S."]
[Result "1/2-1/2"]
[WhiteElo "2284"]
[BlackElo "2000"]
[PlyCount "166"]
[EventDate "2014.??.??"]

1. e4 c5 2. Nf3 d6 3. d4 cxd4 4. Nxd4 Nf6 5. Nc3 a6 6. Bg5 Nbd7 7. Qe2 e5 8.
Nf5 g6 9. Ne3 h6 10. Bh4 Be7 11. O-O-O b5 12. f3 Bb7 13. Kb1 Rc8 14. Be1 Nb6
15. a3 O-O 16. h4 d5 17. exd5 Nfxd5 18. Ncxd5 Nxd5 19. Nxd5 Bxd5 20. Bg3 Bf6
21. h5 g5 22. Qd2 Be6 23. Qxd8 Rfxd8 24. Bd3 Bg7 25. Rhe1 f6 26. a4 Bc4 27.
Bxc4+ bxc4 28. Kc1 Kf7 29. Bf2 Rb8 30. Rxd8 Rxd8 31. Re4 Rc8 32. g4 Ke6 33. Kd2
Bf8 34. Kc3 Kd5 35. b3 cxb3+ 36. Kxb3 Rb8+ 37. Kc3 a5 38. Kd3 Rb1 39. Be1 Rd1+
40. Ke2 Rc1 41. c4+ Kc5 42. Bxa5 Be7 43. Bd2 Ra1 44. a5 Bd8 45. Be3+ Kc6 46.
Bb6 Bxb6 47. axb6 Ra2+ 48. Ke1 Kxb6 49. Re2 Ra3 50. Kf2 Kc5 51. Rd2 Ra8 52. Rd7
Rh8 53. Rf7 Kxc4 54. Ke3 Kd5 55. Rxf6 Rh7 56. Ra6 Rh8 57. Ra5+ Ke6 58. Ke4 Kf6
59. Ra6+ Kg7 60. Kxe5 Rf8 61. Rg6+ Kh7 62. Re6 Ra8 63. Re7+ Kg8 64. Rd7 Rf8 65.
Rd6 Kg7 66. Rg6+ Kh7 67. Rf6 Ra8 68. Rd6 Rf8 69. Rd3 Kg7 70. Ke6 Rf6+ 71. Kd5
Rf8 72. Re3 Rd8+ 73. Ke4 Re8+ 74. Kd3 Rd8+ 75. Ke2 Rd7 76. Re6 Ra7 77. Ke3 Rb7
78. Ke4 Ra7 79. Rg6+ Kh7 80. Rd6 Kg7 81. Ke5 Rf7 82. Rg6+ Kh7 83. Rf6 Ra7
1/2-1/2

[Event "?"]
[Site "?"]
[Date "????.??.??"]
[Round "?"]
[White "Fodor, T."]
[Black "Martinsen, S."]
[Result "1-0"]
[WhiteElo "2481"]
[BlackElo "2105"]
[PlyCount "45"]
[EventDate "2014.??.??"]

1. d4 Nf6 2. c4 Nc6 3. Nc3 e5 4. d5 Ne7 5. Nf3 Ng6 6. h4 h5 7. Bg5 Be7 8. e3 d6
9. Bd3 Nf8 10. c5 N8d7 11. cxd6 cxd6 12. Rc1 O-O 13. Nd2 Ng4 14. Nce4 f5 15.
Nxd6 Bxg5 16. hxg5 Qxg5 17. Nf3 Qf6 18. Nxf5 e4 19. Bxe4 Qxb2 20. O-O Qf6 21.
d6 Nde5 22. Ne7+ Kh8 23. Nxe5 1-0

[Event "?"]
[Site "?"]
[Date "????.??.??"]
[Round "?"]
[White "Hansch, T."]
[Black "Dann, M."]
[Result "1/2-1/2"]
[WhiteElo "2117"]
[BlackElo "2464"]
[PlyCount "70"]
[EventDate "2014.??.??"]

1. d4 e6 2. Nf3 c5 3. c4 cxd4 4. Nxd4 Nf6 5. Nc3 a6 6. e4 Qc7 7. Be2 Bb4 8. Qd3
Nc6 9. O-O h5 10. Nxc6 dxc6 11. a3 Bd6 12. f4 e5 13. f5 Bc5+ 14. Be3 Qb6 15.
Bxc5 Qxc5+ 16. Kh1 b5 17. b4 Qe7 18. a4 bxc4 19. Qxc4 O-O 20. a5 Rb8 21. Rab1
Rd8 22. Rfd1 Rxd1+ 23. Bxd1 g6 24. fxg6 Be6 25. gxf7+ Kxf7 26. Qxa6 Rxb4 27.
Rxb4 Qxb4 28. Qxc6 Qxa5 29. h3 h4 30. Kh2 Qd8 31. Bf3 Qg8 32. Qc7+ Nd7 33. Nd5
Qg3+ 34. Kh1 Qe1+ 35. Kh2 Qg3+ 1/2-1/2

[Event "?"]
[Site "?"]
[Date "????.??.??"]
[Round "?"]
[White "Oehl, T."]
[Black "Izsak, G."]
[Result "0-1"]
[WhiteElo "2120"]
[BlackElo "2444"]
[PlyCount "96"]
[EventDate "2014.??.??"]

1. Nf3 Nf6 2. g3 b6 3. Bg2 Bb7 4. c4 e6 5. O-O c6 6. b3 d5 7. Bb2 Be7 8. d3 O-O
9. Qc2 c5 10. Nbd2 Nc6 11. cxd5 Nxd5 12. Ne4 Rc8 13. Qd2 Qd7 14. Rac1 Rfd8 15.
Rfd1 h6 16. h4 Qe8 17. Ba1 Qf8 18. Kh2 f5 19. Nc3 Nxc3 20. Bxc3 Bf6 21. Bxf6
Qxf6 22. Qc3 Nd4 23. Nxd4 cxd4 24. Qd2 Bxg2 25. Kxg2 Rc3 26. Rc2 Qe5 27. Rb2
Qd5+ 28. Kh2 Rdc8 29. Qf4 e5 30. Qd2 R8c6 31. f3 Qd8 32. Qe1 Qc7 33. Qf2 Rg6
34. Rbd2 Rc1 35. Rxc1 Qxc1 36. e3 dxe3 37. Qxe3 Rxg3 38. Qf2 Rxf3 39. Qxf3
Qxd2+ 40. Kh3 Qf4 41. Qh5 Qg4+ 42. Qxg4 fxg4+ 43. Kxg4 g6 44. h5 Kf7 45. b4 b5
46. a3 a6 47. Kh4 Kf6 48. Kg4 g5 0-1

[Event "?"]
[Site "?"]
[Date "????.??.??"]
[Round "?"]
[White "Gutman, L."]
[Black "Hahn, F."]
[Result "1-0"]
[WhiteElo "2438"]
[BlackElo "2133"]
[PlyCount "73"]
[EventDate "2014.??.??"]

1. g3 d5 2. Nf3 Nf6 3. Bg2 g6 4. O-O Bg7 5. c4 c6 6. Qb3 O-O 7. d3 a6 8. Bf4
Nbd7 9. d4 Qb6 10. Qc2 Nh5 11. Bg5 Nhf6 12. cxd5 cxd5 13. Nc3 e6 14. Rac1 Qa7
15. Rfd1 b5 16. Qb3 Qb6 17. Bxf6 Bxf6 18. e4 dxe4 19. Nxe4 Bb7 20. Nc5 Nxc5 21.
dxc5 Qc7 22. c6 Bc8 23. Nd2 Bg7 24. Ne4 e5 25. Nc3 Be6 26. Bd5 Bg4 27. Rd3 Bf5
28. Be4 Be6 29. Nd5 Bxd5 30. Bxd5 Bf6 31. h4 h5 32. Be4 Kg7 33. Rd7 Qb6 34. c7
Rac8 35. Rc6 Qa7 36. Qf3 Qc5 37. Kg2 1-0

[Event "?"]
[Site "?"]
[Date "????.??.??"]
[Round "?"]
[White "Neef, M."]
[Black "Wilhelm, T."]
[Result "1-0"]
[WhiteElo "2331"]
[BlackElo "2013"]
[PlyCount "77"]
[EventDate "2014.??.??"]

1. Nf3 Nf6 2. c4 e6 3. g3 d5 4. Bg2 Be7 5. O-O O-O 6. b3 b6 7. Bb2 Bb7 8. e3 c5
9. Qe2 Nc6 10. Rd1 Qc7 11. Nc3 Rac8 12. Rac1 Rfd8 13. cxd5 exd5 14. d4 cxd4 15.
Nxd4 Nxd4 16. Rxd4 Bc5 17. Na4 Qe7 18. Nxc5 bxc5 19. Rd2 Qe6 20. Rdc2 Ba6 21.
Qd2 Ne4 22. Qd1 f6 23. h4 c4 24. Bd4 cxb3 25. axb3 Rxc2 26. Rxc2 Rd7 27. Kh2
Re7 28. Bh3 f5 29. Kg1 Bb5 30. Qc1 Nd6 31. Rc7 a6 32. Rxe7 Qxe7 33. Qc5 Qe6 34.
Qc7 Ne8 35. Qb7 Bd3 36. Bg2 Be4 37. Bf1 f4 38. exf4 Qg4 39. Qxa6 1-0

[Event "?"]
[Site "?"]
[Date "????.??.??"]
[Round "?"]
[White "Herbrig, A."]
[Black "Müller, F."]
[Result "0-1"]
[WhiteElo "1880"]
[BlackElo "2324"]
[PlyCount "54"]
[EventDate "2014.??.??"]

1. e4 c5 2. Nf3 Nc6 3. d4 cxd4 4. Nxd4 e6 5. Nc3 Qc7 6. Be3 a6 7. Qd2 Nf6 8.
O-O-O Bb4 9. f3 O-O 10. g4 b5 11. h4 Ne5 12. h5 Bb7 13. g5 Ne8 14. Bf4 Bd6 15.
Rh4 b4 16. Nce2 Nc4 17. Bxd6 Nexd6 18. Qd3 e5 19. Nf5 Nxf5 20. exf5 d5 21. Ng3
Rac8 22. f6 e4 23. fxe4 Qe5 24. Qb3 Qxg5+ 25. Kb1 Qxh4 26. fxg7 Rfe8 27. Bg2
Qg5 0-1

[Event "?"]
[Site "?"]
[Date "????.??.??"]
[Round "?"]
[White "Stigar, P."]
[Black "Gungl, T."]
[Result "1-0"]
[WhiteElo "2228"]
[BlackElo "2054"]
[PlyCount "57"]
[EventDate "2014.??.??"]

1. Nf3 d5 2. d4 Nf6 3. c4 c6 4. Nc3 e6 5. Bg5 dxc4 6. e4 b5 7. e5 h6 8. Bh4 g5
9. exf6 gxh4 10. Ne5 Bb7 11. Nxf7 Qxf6 12. Nxh8 Qxh8 13. Qh5+ Kd7 14. Be2 Qf6
15. O-O Kc7 16. Bf3 Nd7 17. a4 b4 18. Ne4 Qf4 19. Rfc1 c5 20. Nxc5 Nxc5 21.
Rxc4 e5 22. Bxb7 Kxb7 23. g3 hxg3 24. hxg3 Qd2 25. dxc5 Qd5 26. Rxb4+ Kc6 27.
Rd1 Qe6 28. Qf3+ e4 29. Rxe4 1-0

[Event "?"]
[Site "?"]
[Date "????.??.??"]
[Round "?"]
[White "Peredy, F."]
[Black "Nguyen, H."]
[Result "1/2-1/2"]
[WhiteElo "2210"]
[BlackElo "1909"]
[PlyCount "42"]
[EventDate "2014.??.??"]

1. d4 Nf6 2. Nf3 g6 3. c4 Bg7 4. g3 O-O 5. Bg2 d6 6. Nc3 Nc6 7. O-O a6 8. b3
Bg4 9. h3 Bxf3 10. Bxf3 Nd7 11. e3 e5 12. dxe5 Ndxe5 13. Bb2 Nxf3+ 14. Qxf3 Qd7
15. Kg2 Rae8 16. Rad1 Re5 17. Rd5 Rxd5 18. Qxd5 Re8 19. Rd1 Re5 20. Qf3 Rf5 21.
Qe4 Re5 1/2-1/2

[Event "?"]
[Site "?"]
[Date "????.??.??"]
[Round "?"]
[White "Urban, L."]
[Black "Stabolewski, A."]
[Result "1-0"]
[WhiteElo "2064"]
[BlackElo "2181"]
[PlyCount "85"]
[EventDate "2014.??.??"]

1. d4 Nf6 2. c4 b6 3. Nc3 Bb7 4. f3 d5 5. cxd5 Nxd5 6. e4 Nxc3 7. bxc3 e5 8.
dxe5 Qxd1+ 9. Kxd1 Nc6 10. Bf4 Ba3 11. Kc2 O-O 12. Bb5 Rad8 13. Ne2 Na5 14.
Rad1 c6 15. Bd3 Bc5 16. Nc1 b5 17. Nb3 Bb6 18. Nxa5 Bxa5 19. Be3 Bb6 20. Bxb6
axb6 21. Be2 Ra8 22. Kb2 Rfe8 23. Rd7 Bc8 24. Rd6 Be6 25. a3 Rac8 26. f4 g6 27.
g4 Rc7 28. Rhd1 Kf8 29. Rd8 Ke7 30. Rxe8+ Kxe8 31. Rd6 Bc8 32. f5 Bb7 33. e6
fxe6 34. Rxe6+ Kf7 35. Rd6 Re7 36. Bd3 gxf5 37. exf5 Ke8 38. f6 Rd7 39. Rxd7
Kxd7 40. Bxh7 Ke6 41. g5 c5 42. Bg8+ Kd6 43. g6 1-0

[Event "?"]
[Site "?"]
[Date "????.??.??"]
[Round "?"]
[White "Bohn, U."]
[Black "Weber, B."]
[Result "1-0"]
[WhiteElo "2167"]
[BlackElo "1947"]
[PlyCount "99"]
[EventDate "2014.??.??"]

1. e4 e5 2. Nf3 Nc6 3. d4 exd4 4. Nxd4 Bc5 5. Nxc6 Qf6 6. Qe2 bxc6 7. Nc3 d6 8.
Be3 Bb6 9. O-O-O Ne7 10. Qd2 Ng6 11. Bd4 Bxd4 12. Qxd4 Qxd4 13. Rxd4 O-O 14. g3
Bb7 15. Bg2 Rfb8 16. f4 c5 17. Rd2 Bc6 18. Nd5 Bxd5 19. Rxd5 Rb6 20. e5 Rab8
21. exd6 cxd6 22. b3 Ne7 23. Rd2 Nf5 24. Re1 Kf8 25. Rde2 g6 26. Bd5 h5 27. h3
Kg7 28. g4 hxg4 29. hxg4 Nh6 30. Re7 Rf8 31. g5 Nf5 32. Rxa7 Rb4 33. c4 Rbb8
34. Kb2 Rb6 35. a4 Nd4 36. Re3 Rbb8 37. Rd7 Rb6 38. Ra7 Rbb8 39. a5 Nf5 40. Re4
Nd4 41. Re3 Nf5 42. Re4 Nd4 43. Rb7 Ra8 44. Ree7 Rxa5 45. Bxf7 Nf5 46. Red7
Rfa8 47. Bd5+ Kf8 48. Rf7+ Ke8 49. Rh7 Ra2+ 50. Kc3 1-0

[Event "?"]
[Site "?"]
[Date "????.??.??"]
[Round "?"]
[White "Farago, I."]
[Black "Kleibaumhüter, K."]
[Result "1-0"]
[WhiteElo "2443"]
[BlackElo "2066"]
[PlyCount "71"]
[EventDate "2014.??.??"]

1. d4 d5 2. c4 dxc4 3. e3 Nf6 4. Bxc4 e6 5. Nf3 c5 6. O-O a6 7. Nc3 b5 8. Be2
Bb7 9. dxc5 Qxd1 10. Rxd1 Bxc5 11. Nd2 Nbd7 12. Nb3 Be7 13. Na5 Rb8 14. Nxb7
Rxb7 15. f3 O-O 16. e4 Nc5 17. Be3 b4 18. Nb1 Rd7 19. Rxd7 Nfxd7 20. Nd2 Bf6
21. Nc4 Na4 22. Rd1 Ne5 23. Nd6 Nc6 24. Bxa6 Nxb2 25. Rc1 Bc3 26. Nb5 Nd3 27.
Rc2 Nb8 28. Bb7 Be5 29. Rd2 Nb2 30. Bc5 Re8 31. Bxb4 Nc4 32. Rc2 Nb6 33. Ba5
N8d7 34. Rc6 Na4 35. Bc7 Bb2 36. Rc2 1-0

[Event "?"]
[Site "?"]
[Date "????.??.??"]
[Round "?"]
[White "Zwahr, P."]
[Black "Gaitzsch, M."]
[Result "1-0"]
[WhiteElo "2362"]
[BlackElo "2058"]
[PlyCount "47"]
[EventDate "2014.??.??"]

1. e4 e5 2. Nf3 Nc6 3. Bb5 a6 4. Ba4 Nf6 5. O-O Be7 6. d3 b5 7. Bb3 d6 8. a3
O-O 9. Nc3 Be6 10. Nd5 h6 11. c3 Na5 12. Nxf6+ Bxf6 13. Bxe6 fxe6 14. b4 Nc6
15. a4 Qd7 16. Be3 Ne7 17. g3 Ng6 18. h4 a5 19. axb5 Qxb5 20. c4 Qxb4 21. Rb1
Qa3 22. Rb5 Rfb8 23. Qc2 d5 24. Bc5 1-0

[Event "?"]
[Site "?"]
[Date "????.??.??"]
[Round "?"]
[White "Roos, K."]
[Black "Brendel, B."]
[Result "0-1"]
[WhiteElo "2272"]
[BlackElo "2057"]
[PlyCount "48"]
[EventDate "2014.??.??"]

1. g3 Nf6 2. Bg2 d5 3. d3 Bf5 4. Nd2 e6 5. Ngf3 h6 6. c3 c6 7. O-O Be7 8. a4
O-O 9. b4 Nbd7 10. Qb3 Bh7 11. Re1 Qc7 12. e4 dxe4 13. dxe4 c5 14. Ba3 Rad8 15.
Bf1 Rfe8 16. b5 Ne5 17. Nxe5 Qxe5 18. Nc4 Qh5 19. Be2 Ng4 20. Bxg4 Qxg4 21. Ne5
Qh5 22. f4 Rd2 23. h4 Bxh4 24. g4 Bf2+ 0-1

[Event "?"]
[Site "?"]
[Date "????.??.??"]
[Round "?"]
[White "Heck, N."]
[Black "Mokal, A."]
[Result "1-0"]
[WhiteElo "2239"]
[BlackElo "2056"]
[PlyCount "103"]
[EventDate "2014.??.??"]

1. Nf3 c5 2. c4 Nc6 3. g3 g6 4. Bg2 Bg7 5. O-O e6 6. Nc3 Nge7 7. d3 O-O 8. Rb1
d5 9. cxd5 exd5 10. Bf4 b6 11. a3 d4 12. Ne4 h6 13. Bd6 Re8 14. Bxe7 Nxe7 15.
Re1 Nd5 16. Qc2 Bg4 17. h3 Bf5 18. Ned2 Qd7 19. Kh2 Rac8 20. Nh4 Be6 21. Rbc1
b5 22. Qb1 g5 23. Nhf3 Bf5 24. Qa2 Nf6 25. a4 Be6 26. Qa3 b4 27. Qa1 g4 28. Ne5
Qc7 29. Ndc4 gxh3 30. Bf3 Nd5 31. Bxd5 Bxd5 32. Nf3 Qc6 33. Ncd2 Be6 34. b3 Bg4
35. Qb2 Re6 36. Qc2 Bf8 37. Qc4 a6 38. Ne4 Kh8 39. Nxd4 Qb7 40. f3 Rxe4 41.
dxe4 cxd4 42. Qxd4+ Bg7 43. Qd5 Qb6 44. fxg4 Qf2+ 45. Kxh3 Rc3 46. e3 Qb2 47.
Rb1 Qc2 48. Qxf7 Qxe4 49. Qf5 Qe7 50. Rbd1 Rxb3 51. Qc8+ Bf8 52. Rf1 1-0